00799nam a22002057a 4500999001900000005001700019010002700036020002600063035002400089037001300113082001100126100001900137245012000156260005400276270006200330300002300392500005000415942002500465952010300490 c196485d19648520230706115357.0 aENG-117797 ENG- 137195 a9781107038196c695.00 aEN-101329 EN-120727 bDBAD/PUB a954.08 aSturman,Rachel aThe government of social life in colonial India :bliberalism, religious low and women's right /cby Rachel Sturman aNew DelhibCambridge University Pressc2017, 2012 a4843/24,2nd Floor,Ansari Road,DayaganjbNew Delhie110002 axv,289p.c23cm(Hb) aIncludes bibliographical references and index 2ddccENh954.08mSTU 001040708NFICaBNbBNd2023-06-28l0o954.08 STUpEN-120727r2023-06-28 00:00:00t1v695.00yEN